Proceedings 1987 : 24th ACM/IEEE Design Automation Conference ; 24th ACM/IEEE DAC, Miami Beach, Fla. /

Bibliographic Details
Corporate Authors: Design Automation Conference Miami Beach, Fla., ACM Special Interest Group on Design Automation, IEEE Computer Society. Design Automation Technical Committee
Format: Conference Proceeding Book
Language:English
Published: Baltimore, Md. : ACM, [1987]
Subjects:

MARC

Tag First Indicator Second Indicator Subfields
LEADER 00000cam a2200000 a 4500
001 in00000007026
005 20151004080011.0
008 870921s1987 mdua b 10110 eng d
010 |z  84080918  
020 |a 0818607815 (paper) 
020 |a 0818647817 (fiche) 
020 |a 0818687819 (case) 
035 |a (OCoLC)16720897 
035 |9 AAA1491AM 
040 |a NSA  |c NSA  |d TXA  |d UtOrBLW 
049 |a TXAM  |c [A12617292] 
050 4 |a TA174  |b .D45 1987 
111 2 |a Design Automation Conference  |n (24th :  |d 1987 :  |c Miami Beach, Fla.) 
245 1 0 |a Proceedings 1987 :  |b 24th ACM/IEEE Design Automation Conference ; 24th ACM/IEEE DAC, Miami Beach, Fla. /  |c ACM SIGDA, IEEE Computer Society DATC. 
264 1 |a Baltimore, Md. :  |b ACM,  |c [1987] 
264 4 |c ©1987 
300 |a xx, 840 pages :  |b illustrations ;  |c 29 cm. 
336 |a text  |b txt  |2 rdacontent 
337 |a unmediated  |b n  |2 rdamedia 
338 |a volume  |b nc  |2 rdacarrier 
504 |a Includes bibliographies and index. 
500 |a "Computer Society order number 781." 
500 |a "IEEE catalog number 87CH2422-4." 
500 |a "ACM order number 477870." 
500 |a Cover title: 1987 Design Automation Conference. 
650 0 |a Engineering design  |x Data processing  |v Congresses. 
710 2 |a ACM Special Interest Group on Design Automation. 
710 2 |a IEEE Computer Society.  |b Design Automation Technical Committee. 
740 0 |a 1987 Design Automation Conference. 
999 |a MARS 
999 f f |s 29c2fa33-a6c2-3e5a-9e5f-9435fb032de5  |i 3dacd02b-e465-3b35-9708-e75ddd7db38b  |t 0 
952 f f |p ric  |a Texas A&M University  |b Rellis Campus  |c Joint Library Facility  |d Remote Storage  |t 0  |e TA174 .D45 1987  |h Library of Congress classification  |i unmediated -- volume  |m A14812617292 
998 f f |a TA174 .D45 1987  |t 0  |l Remote Storage